000 00598nam a22001697a 4500
005 20251108163343.0
008 250721s1993 xx 000 0 ara d
082 1 4 _a343.2/سلي
100 1 _aعبد المنعم، سليمان
245 1 0 _aقانون العقوبات الخاص :
_bالجرائم الماسة بالمصلحة العامة: الرشوه - عرض الرشوه ... /
264 1 _aالاسكندريه :
_bالجامعة الجديدة،
_c1993.
300 _a431ص
650 1 7 _aالقانون الجنائي
650 1 7 _aالعقوبات
942 _2ddc
_cBK
999 _c534
_d534